000 00834cam a2200289 4500
001 3622258
003 OSt
005 20240319130134.0
008 700127s1968 ke a b 001 0 eng
010 _a 73980320
020 _a0196440521
040 _aDLC
_cDLC
_dDLC
043 _afe-----
050 0 0 _aSB605
_b.A35D4 1968
082 0 0 _a632/.7/09676
100 1 _aDe Pury, J. M. S.
245 1 0 _aCrop pests of East Africa /
_cJ. M. S. de Pury.
260 _aNairobi,
_bOxford University Press,
_c1968.
300 _axii, 227 p.
_bill.
_c22 cm.
350 _a30.00
504 _aBibliography: p. 216-217.
650 0 _aAgricultural pests
_zAfrica, East.
650 0 _aPlant diseases
_zAfrica, East.
650 0 _aPests
_xControl
_zAfrica, East.
906 _a7
_bcbc
_corignew
_du
_encip
_f19
_gy-gencatlg
942 _2lcc
_cBK
_n0
999 _c15069
_d15069